Critically Endangered-Recently Extinct(Sudden Death) - Statistics

General Stats
  • This quiz has been taken 627 times
    622 since last reset
  • The average score is 12 of 24
Answers on the Grid
Answers color-coded by a green-red scale on the quiz's grid according to % correct below.
Vaquita
Manatee
Polar Bear
Dugong
Rhino
Bengal Tiger
Rafetus Softshell
Orangutan
Gorilla
Snow Leopard
Rusty Spotted Cat
Amur Leopard
African Wild Dog
Hawksbill Sea Turtle
Radiated Tortoise
North Atlantic Right Whale
Golden Toad
Poison Dart Frog
Red Ruffed Lemur
Tokay Gecko
Spix's Macaw
Ivory-Billed Woodpecker
Splendid Poison Frog
Stirrupshell Mussel
Baiji
Rusty Patched Bumblebee
Carpenter Bee
Brown Spider Monkey
Chimpanzee
Saola
Cane Toad
Amazon River Dolphin
Barbary Lion
Japanese Sea Lion
Pangolin
Leatherback Sea Turtle
Giant Panda
Black Caiman
Tasmanian Devil
 
Answer Stats
Answer % Correct
Vaquita
81%
Baiji
61%
Barbary Lion
54%
Rhino
53%
Amur Leopard
52%
North Atlantic Right Whale
52%
Ivory-Billed Woodpecker
49%
Orangutan
49%
Saola
49%
Spix's Macaw
49%
Gorilla
48%
Leatherback Sea Turtle
48%
Polar Bear
48%
Golden Toad
46%
Japanese Sea Lion
46%
Pangolin
46%
Hawksbill Sea Turtle
45%
Radiated Tortoise
45%
Rafetus Softshell
45%
Rusty Patched Bumblebee
45%
Brown Spider Monkey
44%
Red Ruffed Lemur
44%
Splendid Poison Frog
44%
Stirrupshell Mussel
42%
No matching quizzes found
Score Distribution
Percent of People with Each Score
Percentile by Number Answered
Your Score History
You have not taken this quiz since the last reset